Score 0/27 Timer 03:00
0 Plays Today
Clue 4-Letter Word % Correct
US auto manufacturerFORD
97.3%
Jill took him up the hillJACK
96.1%
Prep your suitcasePACK
95.8%
Taste your ice creamLICK
94.9%
Unaware of where you areLOST
94.8%
SelectPICK
94.5%
Yogi's home: Jellystone ___PARK
94.4%
Knox, for exampleFORT
93.6%
Type of animal Yogi isBEAR
93.3%
What Yogi hopes to find in the picnic basketFOOD
92.8%
The opposite of a nerdJOCK
92.3%
UncommonRARE
92.2%
Indy 500, e.g.RACE
92.1%
Use your peepersLOOK
92%
Clue 4-Letter Word % Correct
A heart pulsationBEAT
91.7%
Something you might find on a doorLOCK
91.2%
When something is missingLACK
90.5%
Criminal's rewardLOOT
89.9%
Cut the skin off fruitPARE
88.8%
Over 50%MOST
88%
Pepper spray brandMACE
86.4%
Mr. Goldman from Family GuyMORT
85.5%
Not a woman or girlMALE
82.3%
CrookedBENT
78.9%
Wayne portrayer in filmsBALE
68.1%
A villain to Wayne's superheroBANE
66.2%
Nota ___: Latin annotation phraseBENE
66%

Today's Daily Dose

Missing Word
'T' Pairs

Word Ladder
Game Pieces

Get the Picture
Baseball Movies

Remove Ads.
Support Sporcle.
Get the best of Sporcle when you Go Orange. This ad-free experience offers more features, more stats, and more fun while also helping to support Sporcle. Thank you for becoming a member.

You're not logged in!

Compare scores with friends on all Sporcle quizzes.
OR
Log In

Show Comments

Extras

Top Quizzes Today


Score Distribution

Your Account Isn't Verified!

In order to create a playlist on Sporcle, you need to verify the email address you used during registration. Go to your Sporcle Settings to finish the process.

Report this User

Report this user for behavior that violates our Community Guidelines.

Details: